| 000 | 01560nam a2200337 i 4500 | ||
|---|---|---|---|
| 003 | DO-SdBNP | ||
| 005 | 20260430124536.0 | ||
| 007 | ta | ||
| 008 | 210715b2018 dr aco|| |||| 00| 0 spa | ||
| 040 |
_aDO-SdBNP _bspa _cBNPHU _erda |
||
| 082 | 4 | _222 | |
| 245 | 1 | 0 |
_aPremio al mérito periodístico de arte y espectáculos / _credacción Arismendy Vásquez Guareño y Máximo Jiménez ; fotos Cristian Santana, Jochy Campusano |
| 260 |
_aSanto Domingo : _bAcroarte, _c2018. |
||
| 300 |
_a20 páginas : _bilustraciones y retratos, _c20 cm. |
||
| 310 |
_aAnual _b2012 |
||
| 362 | 1 | _a(20 de marzo 2018) | |
| 500 | _aPremio soberano 2018. | ||
| 500 | _aSiete años de historia (2012 al 2018) | ||
| 505 |
_aPeriodísta _tAngela Ovalle : Miembro fundadora -- _tAridio Castillo : Miembro fundador -- _tMarivell Contreras : Expresidenta (2007-2009) -- |
||
| 505 |
_aLogomarca _tNazario Brea : Comunicador Filial Nueva York -- _tHéctor Cepín : Locutor Filial Santiago -- _tJuan G.Romero : Comunicador Filial Florida -- |
||
| 505 | _aHomenaje : Tatico Henríquez, músico (1943-1976) | ||
| 546 | 1 | _aEspañol | |
| 586 | _aMerito periodístico de arte y espetáculos, 2018. | ||
| 650 | 0 |
_aPremios _y2018 _zRepública Dominicana _98135 |
|
| 650 | 4 |
_aPremio al mérito _vPeriodístico _y2018 _zRepública Dominicana _979251 |
|
| 700 | 1 |
_a Vásquez Guareño, Arismendy, _eRedacción _979252 |
|
| 700 | 1 |
_aJimenez, Máximo, _eRedacción _975836 |
|
| 700 | 1 |
_aSantana, Cristian _eFotógrafo _979253 |
|
| 700 | 1 |
_aCampusano, Jochy, _eFotografo _979254 |
|
| 942 |
_2ddc _cLF2 |
||
| 999 |
_c50115 _d50115 |
||